000 00584nam a2200193Ia 4500
008 220216s9999 xx 000 0 und d
100 _aSunil Jose T
245 0 _aCompatibility studies on sulphur cured EPDM/CIIR blends
260 _bInternational Seminar on Advances in Polymer Technology, 16-17, January 2004, Cochin University of Science and Technology, Kochi,pp.70
650 _aBlend
650 _aCIIR
650 _aCompatibility
650 _aEPDM
700 _aAnoop Anand K
700 _aGeorge K E
700 _aRani Joseph
856 _uAbst only
942 _cJS
999 _c56052
_d56052